Modern methods of construction (MMC) in housing (Record no. 107271)

MARC details
000 -LEADER
fixed length control field 00479cam a22001815a 4500
001 - CONTROL NUMBER
control field L139049
008 - FIXED-LENGTH DATA ELEMENTS--GENERAL INFORMATION
fixed length control field 070720s2007 xxk f 000 0 eng d
020 ## - INTERNATIONAL STANDARD BOOK NUMBER
International Standard Book Number 9781860819650
035 ## - SYSTEM CONTROL NUMBER
System control number (Sirsi) u139049
041 0# - LANGUAGE CODE
Language code of text/sound track or separate title eng
100 1# - MAIN ENTRY--PERSONAL NAME
Personal name Gaze, C
245 00 - TITLE STATEMENT
Title Modern methods of construction (MMC) in housing
260 ## - PUBLICATION, DISTRIBUTION, ETC.
Place of publication, distribution, etc. IHS BRE Press
Date of publication, distribution, etc. 2007
651 #4 - SUBJECT ADDED ENTRY--GEOGRAPHIC NAME
Geographic name ENGLAND AND WALES
856 48 - ELECTRONIC LOCATION AND ACCESS
Uniform Resource Identifier <a href="https://194.154.180.3/uhtbin/cgisirsi.exe/0/0/0/1/117/X/">https://194.154.180.3/uhtbin/cgisirsi.exe/0/0/0/1/117/X/</a>
942 ## - ADDED ENTRY ELEMENTS (KOHA)
Suppress in OPAC 0

No items available.